La piel de zapa
Na minha lista:
| Autor principal: | |
|---|---|
| Formato: | Livro |
| Idioma: | espanhol |
| Publicado em: |
Santiago
Andrés Bello
1979
|
| Assuntos: | |
| Tags: |
Adicionar Tag
Sem tags, seja o primeiro a adicionar uma tag!
|
MARC
| LEADER | 00000nam a2200000 a 4500 | ||
|---|---|---|---|
| 001 | UCX4052 | ||
| 003 | CL-VaPUC | ||
| 008 | 920313e19790000CL |||||||||||||||||spa|d | ||
| 082 | 0 | 4 | |a 843 |b BAL |2 21 |
| 100 | |a Balzac, Honoré de |e author |9 265437 | ||
| 245 | 1 | 3 | |a La piel de zapa |
| 300 | |a 280 p | ||
| 942 | |c BK | ||
| 945 | |d 19920313 00:00:00 | ||
| 260 | |a Santiago |b Andrés Bello |c 1979 | ||
| 650 | 0 | |a Novela francesa |9 264985 | |
| 583 | |a last modification |c 20190726 08:44:21 |k Rodrigo Vera | ||
| 999 | |c 224637 |d 224635 | ||
| 952 | |0 0 |1 0 |4 0 |6 843_000000000000000_BAL_1979 |7 0 |8 A |9 221427 |a BIBEDU |b BIBEDU |d 2019-11-15 |i 2902125 |o 843 BAL 1979 |p 2902125 |r 2019-11-15 |w 2019-11-15 |y BK |k LIT | ||